00376nam a2200145Ia 4500008004100000020001800041041000800059082001700067100002600084245004200110250000600152260004000158300001200198650002000210210716s2012 xx 000 0 und d a9788173717611 aeng a621.395 CHAJ aChakravorty, Jaydeep. aDigital electronics and logic design. a1 aNew DelhibUniversities Pressc2012 axvi,411 aDigital Systems